| 000 | 00396nam a2200169Ia 4500 | ||
|---|---|---|---|
| 008 | 210210b1913 xxu||||| |||| 00| 0 eng d | ||
| 041 | _aeng | ||
| 082 | _a550/2 | ||
| 100 | _aCOLE (Grenville A J) | ||
| 245 | _aOutlines of mineralogy | ||
| 260 |
_aLondon _bLongmans Green & Co _c1913 |
||
| 300 | _a339 | ||
| 650 | _aOutlines | ||
| 650 | _amineralogy | ||
| 690 | _aGeology | ||
| 906 | _a009935 | ||
| 999 |
_c128120 _d128120 |
||